Gráfico: Costa Rica; natalidad y mortalidad y aumento natural de la población 1927 a 2002

Salvato in:
Dettagli Bibliografici
Ente Autore: UNA. Instituto de Estudios Sociales en Población
Natura: testo
Pubblicazione: Heredia :
Tags: Aggiungi Tag
Nessun Tag, puoi essere il primo ad aggiungerne!!

MARC

LEADER 00000 a a2200000 04500
001 17053
003
040
090 |a EXTRAVIADO  
110 |a UNA. Instituto de Estudios Sociales en Población  
245 |a Gráfico: Costa Rica; natalidad y mortalidad y aumento natural de la población 1927 a 2002  
260 |a Heredia :  
300 |a 1 p.  
999 |c 11042  |d 11042